000 00749nam a2200253Ia 4500
003 OSt
005 20220925222754.0
006 a|||||r|||| 00| 0
007 ta
008 220923b |||||||| |||| 00| 0 eng d
020 _cPd 25.00
037 _b401dt, 04/12/1985, SBD
_cGeneral Book
040 _aRTL
_cRTL
_beng
041 _2eng
_aeng
082 _aX:991, M5
100 _aOffe Claus
_9120197
245 0 _aDisorganized capitalism
_b Contemporary transformati
260 _aLondon
_bPolity Press
_c1985
300 _a366p. Bib p349-56
_ccm.
490 _aSocial and political theory
650 _aLabour Market
942 _hX:991, M5
_cGB
_2CC
999 _c577738
_d577738